[Event "Torneo de Benidorm sub 2300 2019"]
[Site "Benidorm ESP"]
[Date "2019.12.01"]
[Round "3.1"]
[White "Sabater Sanchez, Asensio"]
[Black "Scherer, Helmut"]
[Result "0-1"]
[WhiteElo "2115"]
[BlackElo "2278"]
[PlyCount "136"]
[EventDate "2019.11.29"]
[EventType "swiss"]
[EventRounds "10"]
[EventCountry "ESP"]
[SourceTitle "Ajedrez en Madrid"]
[Source "lmi"]
[SourceDate "2019.11.30"]
[SourceVersion "1"]
[SourceVersionDate "2019.12.08"]
[SourceQuality "1"]

1. d4 d5 2. Bg5 c6 3. c3 Bf5 4. e3 Nd7 5. Bd3 Bxd3 6. Qxd3 Qb6 7. b3 e5 8. Nd2
Be7 9. Bxe7 Nxe7 10. dxe5 O-O 11. Ngf3 Rfe8 12. O-O Ng6 13. Rac1 Ndxe5 14. Nxe5
Nxe5 15. Qe2 Rad8 16. Nf3 Ng4 17. Rfd1 Nf6 18. h3 h6 19. Qc2 Qa5 20. Rd4 Re4
21. Rcd1 Rde8 22. Nd2 Rxd4 23. cxd4 Qb4 24. Rc1 a5 25. Qc3 Ra8 26. a3 Qb5 27.
a4 Qe2 28. Qc2 Nd7 29. Nf3 Qxc2 30. Rxc2 Ra6 31. Kf1 Rb6 32. Nd2 Kf8 33. Ke2
Ke7 34. f3 Rb4 35. Kd3 f5 36. Rc1 h5 37. g3 Kd6 38. Rg1 Nf6 39. h4 b6 40. Kc3
c5 41. Ra1 Nd7 42. Nb1 Kc6 43. Na3 c4 44. bxc4 Rxa4 45. Kb3 Rb4+ 46. Kc3 Nf6
47. Rb1 dxc4 48. Rxb4 Nd5+ 49. Kxc4 Nxe3+ 50. Kb3 axb4 51. Kxb4 Kd5 52. Kc3 Nf1
53. Kd3 Nxg3 54. Nb5 Ke6 55. Ke3 g6 56. Nc3 Kf7 57. Kf4 Nf1 58. Ke5 Nd2 59. f4
Nf3+ 60. Kd5 Nxh4 61. Kc6 Nf3 62. d5 h4 63. Ne2 h3 64. d6 h2 65. d7 h1=Q 66.
d8=Q Nd4+ 67. Kxb6 Qb1+ 68. Ka6 Qb5+ 0-1

[Event "Torneo de Benidorm sub 2300 2019"]
[Site "Benidorm ESP"]
[Date "2019.12.01"]
[Round "3.2"]
[White "Chernikov, Vladimir"]
[Black "Pascoal, Eduardo A"]
[Result "0-1"]
[WhiteElo "2272"]
[BlackElo "2143"]
[PlyCount "98"]
[EventDate "2019.11.29"]
[EventType "swiss"]
[EventRounds "10"]
[EventCountry "ESP"]
[SourceTitle "Ajedrez en Madrid"]
[Source "lmi"]
[SourceDate "2019.11.30"]
[SourceVersion "1"]
[SourceVersionDate "2019.12.08"]
[SourceQuality "1"]

1. c4 c5 2. Nf3 Nc6 3. Nc3 g6 4. e3 Bg7 5. d4 d6 6. Be2 Bg4 7. h3 cxd4 8. exd4
Bxf3 9. Bxf3 Nxd4 10. Bxb7 Rb8 11. Be4 f5 12. Be3 e5 13. Bxd4 exd4 14. Bc6+ Kf8
15. Ne2 Ne7 16. Bf3 Qa5+ 17. Qd2 Qxd2+ 18. Kxd2 Rxb2+ 19. Kd3 Kf7 20. Nxd4 Bxd4
21. Kxd4 Rxf2 22. Rhb1 Rc8 23. Rb7 Kf6 24. Rd7 Ke6 25. Rxa7 Nc6+ 26. Bxc6 Rxc6
27. Re1+ Kf6 28. Kd5 Rc5+ 29. Kxd6 Rxc4 30. Re6+ Kg5 31. g3 Rd2+ 32. Ke7 Rd3
33. h4+ Kg4 34. Kf6 Kxg3 35. Rxh7 Rxh4 36. Rxh4 Kxh4 37. Kxg6 Kg4 38. a4 f4 39.
a5 f3 40. a6 Ra3 41. Kg7 f2 42. Rg6+ Kf3 43. Rf6+ Kg2 44. Rg6+ Kf1 45. Kg8 Ra1
46. Kg7 Ke2 47. Re6+ Kd3 48. Rd6+ Kc4 49. Rc6+ Kb5 0-1

[Event "Torneo de Benidorm sub 2300 2019"]
[Site "Benidorm ESP"]
[Date "2019.12.01"]
[Round "3.3"]
[White "Garcia Trobat, Francisco"]
[Black "Hristodorescu, Daniel"]
[Result "1-0"]
[WhiteElo "2244"]
[BlackElo "2131"]
[PlyCount "73"]
[EventDate "2019.11.29"]
[EventType "swiss"]
[EventRounds "10"]
[EventCountry "ESP"]
[SourceTitle "Ajedrez en Madrid"]
[Source "lmi"]
[SourceDate "2019.11.30"]
[SourceVersion "1"]
[SourceVersionDate "2019.12.08"]
[SourceQuality "1"]

1. Nf3 Nf6 2. g3 g6 3. b3 Bg7 4. Bb2 O-O 5. Bg2 c5 6. c4 Nc6 7. O-O d6 8. d4
cxd4 9. Nxd4 Bd7 10. e3 Qb6 11. Nc3 Rfc8 12. Qd2 a6 13. Rad1 Rab8 14. Nde2 Nb4
15. Nf4 a5 16. a3 Na6 17. Ncd5 Nxd5 18. Nxd5 Qd8 19. Bxg7 Kxg7 20. Qd4+ Kg8 21.
Qh4 f6 22. Rd4 Kg7 23. Rfd1 Qe8 24. Bh3 Nc5 25. Bxd7 Nxd7 26. f4 b5 27. Re4 e5
28. fxe5 dxe5 29. cxb5 Rxb5 30. Rc4 Rxb3 31. Rc7 Rxc7 32. Nxc7 Qf7 33. Qa4 Nc5
34. Qc6 Nd3 35. Ne6+ Kh8 36. Qd5 a4 37. Qd8+ 1-0

[Event "Torneo de Benidorm sub 2300 2019"]
[Site "Benidorm ESP"]
[Date "2019.12.01"]
[Round "3.4"]
[White "Garcia Molina, Francisco Miguel"]
[Black "Saber, Yasser"]
[Result "1-0"]
[WhiteElo "2219"]
[BlackElo "2118"]
[PlyCount "55"]
[EventDate "2019.11.29"]
[EventType "swiss"]
[EventRounds "10"]
[EventCountry "ESP"]
[SourceTitle "Ajedrez en Madrid"]
[Source "lmi"]
[SourceDate "2019.11.30"]
[SourceVersion "1"]
[SourceVersionDate "2019.12.08"]
[SourceQuality "1"]

1. e4 c6 2. Nc3 d5 3. Nf3 Nf6 4. e5 Ne4 5. d4 e6 6. Bd3 Nxc3 7. bxc3 c5 8. Ng5
g6 9. Qf3 Qe7 10. Nh3 cxd4 11. Bg5 Qc7 12. O-O dxc3 13. Bf6 Rg8 14. Ng5 h6 15.
Nh7 Bc5 16. Qh3 h5 17. Qh4 Bd7 18. Bg5 Rh8 19. Nf6+ Kf8 20. Qf4 Kg7 21. Nxh5+
Kf8 22. Qf6 Rg8 23. Bh6+ Ke8 24. Ng7+ Rxg7 25. Qxg7 Kd8 26. Bg5+ Be7 27. Bxe7+
Kxe7 28. Bxg6 1-0

[Event "Torneo de Benidorm sub 2300 2019"]
[Site "Benidorm ESP"]
[Date "2019.12.01"]
[Round "3.5"]
[White "Cardenas Serrano, Sergio"]
[Black "Martin Barcelo, Carles"]
[Result "1/2-1/2"]
[WhiteElo "2095"]
[BlackElo "2196"]
[PlyCount "117"]
[EventDate "2019.11.29"]
[EventType "swiss"]
[EventRounds "10"]
[EventCountry "ESP"]
[SourceTitle "Ajedrez en Madrid"]
[Source "lmi"]
[SourceDate "2019.11.30"]
[SourceVersion "1"]
[SourceVersionDate "2019.12.08"]
[SourceQuality "1"]

1. e4 e6 2. d4 d5 3. Nd2 c5 4. Ngf3 cxd4 5. Nxd4 Nf6 6. e5 Nfd7 7. N2f3 Nc6 8.
Nxc6 bxc6 9. c3 Qb6 10. Be2 Ba6 11. O-O Be7 12. Be3 Bxe2 13. Qxe2 Qc7 14. Bf4
O-O 15. Rfe1 Nb6 16. Ng5 Bxg5 17. Bxg5 Rae8 18. Qg4 Kh8 19. Bf4 Qe7 20. Re2 f5
21. exf6 gxf6 22. Rae1 e5 23. Qf5 Qd7 24. Qh5 Qf7 25. Qxf7 Rxf7 26. Bg3 Nd7 27.
f3 Nc5 28. Rd1 Rb7 29. b3 Rbe7 30. Bf2 Ne6 31. g3 Kg7 32. Kg2 Kf7 33. Be3 Rd7
34. b4 d4 35. cxd4 exd4 36. Red2 Red8 37. Bf2 f5 38. f4 Ke8 39. Kf3 Rd5 40. h3
h5 41. g4 hxg4+ 42. hxg4 fxg4+ 43. Kxg4 Kf7 44. Kf3 Rf5 45. Bg3 c5 46. bxc5
Rxc5 47. Rd3 Rcd5 48. Rh1 Kg6 49. Ra3 a5 50. Re1 Kf5 51. Re5+ Rxe5 52. fxe5 d3
53. Be1 Nd4+ 54. Kf2 Kxe5 55. Rxd3 Rf8+ 56. Kg2 Rg8+ 57. Kf2 Rf8+ 58. Kg2 Rg8+
59. Kf2 1/2-1/2

[Event "Torneo de Benidorm sub 2300 2019"]
[Site "Benidorm ESP"]
[Date "2019.12.01"]
[Round "3.6"]
[White "Levay, Sorin"]
[Black "Santos, Jeovani Amaro Dias"]
[Result "1/2-1/2"]
[WhiteElo "2170"]
[BlackElo "2098"]
[PlyCount "115"]
[EventDate "2019.11.29"]
[EventType "swiss"]
[EventRounds "10"]
[EventCountry "ESP"]
[SourceTitle "Ajedrez en Madrid"]
[Source "lmi"]
[SourceDate "2019.11.30"]
[SourceVersion "1"]
[SourceVersionDate "2019.12.08"]
[SourceQuality "1"]

1. Nf3 Nf6 2. g3 c5 3. Bg2 Nc6 4. O-O g6 5. c3 Bg7 6. d4 cxd4 7. cxd4 d5 8. Nc3
O-O 9. Ne5 e6 10. Nxc6 bxc6 11. Na4 Nd7 12. Bf4 e5 13. dxe5 Nxe5 14. Rc1 Bd7
15. b3 Qe7 16. Qd2 Rfd8 17. Bg5 f6 18. Be3 f5 19. Bg5 Bf6 20. Bxf6 Qxf6 21. e3
Nf7 22. Nc5 Be8 23. Qd4 Qxd4 24. exd4 Ng5 25. f3 Rd6 26. Rfe1 Kf7 27. b4 Rb8
28. a3 Ne6 29. Nxe6 Rxe6 30. Rxe6 Kxe6 31. Bf1 Kd6 32. Rc5 Bd7 33. Kf2 g5 34.
f4 h6 35. Bd3 gxf4 36. gxf4 Rg8 37. h3 h5 38. Ra5 h4 39. Rxa7 Rg3 40. Bf1 Rb3
41. Ra8 Rb2+ 42. Be2 Rb3 43. Bf1 Rb2+ 44. Ke3 Rb3+ 45. Bd3 Rb2 46. Rh8 Ra2 47.
Rh6+ Ke7 48. Rh7+ Kd6 49. Rxh4 Rxa3 50. Rh6+ Ke7 51. Rh8 c5 52. Rh7+ Kd8 53.
Rxd7+ Kxd7 54. dxc5 Kc6 55. Kd4 Ra4 56. Kc3 Ra3+ 57. Kd4 Ra4 58. Kc3 1/2-1/2

[Event "Torneo de Benidorm sub 2300 2019"]
[Site "Benidorm ESP"]
[Date "2019.12.01"]
[Round "3.7"]
[White "Garraza Obaldia, Esteban"]
[Black "Lacrosse, Marc"]
[Result "1/2-1/2"]
[WhiteElo "1812"]
[BlackElo "2162"]
[PlyCount "81"]
[EventDate "2019.11.29"]
[EventType "swiss"]
[EventRounds "10"]
[EventCountry "ESP"]
[SourceTitle "Ajedrez en Madrid"]
[Source "lmi"]
[SourceDate "2019.11.30"]
[SourceVersion "1"]
[SourceVersionDate "2019.12.08"]
[SourceQuality "1"]

1. e4 e5 2. Nf3 Nc6 3. Bc4 Bc5 4. c3 Nf6 5. d3 a6 6. O-O Ba7 7. Nbd2 d6 8. Bb3
O-O 9. h3 h6 10. Re1 Re8 11. Nf1 Be6 12. Ng3 d5 13. Be3 Bxe3 14. Rxe3 dxe4 15.
dxe4 Qxd1+ 16. Bxd1 Rad8 17. b3 Rd7 18. Bc2 Red8 19. Ree1 Nh7 20. Rad1 Ng5 21.
Nxg5 hxg5 22. Rxd7 Rxd7 23. Rd1 Na7 24. Rxd7 Bxd7 25. Bd3 Be6 26. Nf1 a5 27.
Ne3 Kf8 28. Kf1 Ke7 29. Ke2 b5 30. c4 b4 31. Kd2 Kd6 32. Be2 Nc6 33. Bg4 Nd4
34. Bxe6 Nxe6 35. g3 g6 36. Nc2 Kc5 37. Kd3 Kd6 38. Ke3 Kc5 39. Kd3 Kd6 40. Ke3
Kc5 41. Kd3 1/2-1/2

[Event "Torneo de Benidorm sub 2300 2019"]
[Site "Benidorm ESP"]
[Date "2019.12.01"]
[Round "3.8"]
[White "Gomez Sanjuan, Hector Fernando"]
[Black "Aledo Yanguas, Javier"]
[Result "1-0"]
[WhiteElo "2145"]
[BlackElo "2023"]
[PlyCount "119"]
[EventDate "2019.11.29"]
[EventType "swiss"]
[EventRounds "10"]
[EventCountry "ESP"]
[SourceTitle "Ajedrez en Madrid"]
[Source "lmi"]
[SourceDate "2019.11.30"]
[SourceVersion "1"]
[SourceVersionDate "2019.12.08"]
[SourceQuality "1"]

1. d4 d5 2. c4 c6 3. cxd5 cxd5 4. Bf4 Nc6 5. Nc3 Nf6 6. e3 a6 7. Bd3 g6 8. h3
Be6 9. Nf3 b5 10. O-O Nh5 11. Bh2 f5 12. Rc1 Qb6 13. Ng5 Na7 14. Bc7 Qxc7 15.
Nxe6 Qd6 16. Nxd5 Kf7 17. Ndc7 Bh6 18. Qb3 Kf6 19. Nxa8 Rxa8 20. d5 Kf7 21. Rc7
Nf6 22. Rb7 Qxd5 23. Qxd5 Nxd5 24. Nc7 Nxc7 25. Rxc7 Nc8 26. Rfc1 Nd6 27. R1c6
Ke6 28. Bc2 f4 29. Bb3+ Kf6 30. e4 Bg5 31. Bd5 Rd8 32. Rxa6 Ke5 33. Rc5 Kd4 34.
Rac6 Bf6 35. f3 Kd3 36. Rc2 b4 37. Bb3 Nb5 38. Rc1 Nd4 39. Rd1+ Ke3 40. Re1+
Kd2 41. Rd1+ Ke3 42. Rcc1 Ne2+ 43. Kf1 Ng3+ 44. Ke1 Rxd1+ 45. Kxd1 Bxb2 46. Rc2
Bf6 47. Bg8 h5 48. Rc4 Kf2 49. Rxb4 Kxg2 50. a4 Kxh3 51. a5 Bc3 52. a6 Bxb4 53.
a7 Kg2 54. a8=Q h4 55. Be6 Bc5 56. Bg4 h3 57. Qa2+ Bf2 58. Bxh3+ Kxf3 59. e5
Ne4 60. Qe2+ 1-0

[Event "Torneo de Benidorm sub 2300 2019"]
[Site "Benidorm ESP"]
[Date "2019.12.01"]
[Round "3.9"]
[White "Gavarrete, Nahun"]
[Black "Sawant, Akshay"]
[Result "1/2-1/2"]
[WhiteElo "2300"]
[BlackElo "1793"]
[PlyCount "139"]
[EventDate "2019.11.29"]
[EventType "swiss"]
[EventRounds "10"]
[EventCountry "ESP"]
[SourceTitle "Ajedrez en Madrid"]
[Source "lmi"]
[SourceDate "2019.11.30"]
[SourceVersion "1"]
[SourceVersionDate "2019.12.08"]
[SourceQuality "1"]

1. b3 e5 2. Bb2 Nc6 3. e3 Nf6 4. c4 d6 5. d3 Bf5 6. Nf3 Be7 7. Be2 h6 8. O-O g5
9. Nc3 Rg8 10. Nd5 g4 11. Nd2 h5 12. b4 Be6 13. b5 Nb8 14. Nxe7 Qxe7 15. f4
gxf3 16. Bxf3 Bg4 17. Qe1 Bxf3 18. Rxf3 Nbd7 19. Qh4 Rg4 20. Qh3 O-O-O 21. Raf1
Kb8 22. R1f2 a6 23. bxa6 bxa6 24. Nb3 Rdg8 25. Na5 Qe6 26. Bc3 h4 27. e4 Nh5
28. Bd2 Ndf6 29. Rf5 R8g6 30. Qf3 Kc8 31. Nc6 Qd7 32. Nb4 Qa4 33. Nd5 Nxd5 34.
Rxh5 Nf4 35. Bxf4 exf4 36. Rh8+ Kd7 37. h3 Rg3 38. Qe2 f3 39. Rxf3 Rxg2+ 40.
Qxg2 Rxg2+ 41. Kxg2 Qxa2+ 42. Rf2 Qb1 43. Rxh4 Qxd3 44. c5 dxc5 45. Rxf7+ Ke6
46. Rf5 c4 47. Rh6+ Ke7 48. Rh7+ Ke6 49. Rh6+ Ke7 50. Rh7+ Ke6 51. Rh6+ Ke7 52.
Re5+ Kf7 53. Rf5+ Ke7 54. Re5+ Kf7 55. Rh4 Qc2+ 56. Kf3 Qd1+ 57. Kg3 Qe1+ 58.
Kg4 Qg1+ 59. Kf4 Qf2+ 60. Kg4 Qg2+ 61. Kf4 c3 62. Rh7+ Kf6 63. Rh6+ Kf7 64.
Rh7+ Kf6 65. Rh6+ Kf7 66. Rf5+ Ke7 67. Rh7+ Ke6 68. Rh6+ Ke7 69. Rh7+ Ke6 70.
Rh6+ 1/2-1/2

[Event "Torneo de Benidorm sub 2300 2019"]
[Site "Benidorm ESP"]
[Date "2019.12.01"]
[Round "3.10"]
[White "Amdouni, Zoubaier"]
[Black "Mataix Arbona, Cesar"]
[Result "1-0"]
[WhiteElo "2289"]
[BlackElo "2081"]
[PlyCount "61"]
[EventDate "2019.11.29"]
[EventType "swiss"]
[EventRounds "10"]
[EventCountry "ESP"]
[SourceTitle "Ajedrez en Madrid"]
[Source "lmi"]
[SourceDate "2019.11.30"]
[SourceVersion "1"]
[SourceVersionDate "2019.12.08"]
[SourceQuality "1"]

1. e4 c5 2. Nf3 Nc6 3. d4 cxd4 4. Nxd4 g6 5. Nc3 Bg7 6. Be3 Nf6 7. Bc4 O-O 8.
Bb3 a5 9. O-O a4 10. Nxa4 Nxe4 11. Nb5 Ra6 12. c4 d6 13. Qe2 Nf6 14. Rad1 Bd7
15. c5 d5 16. Nb6 e6 17. a4 Qe7 18. Rfe1 Ne4 19. Qc2 Nb4 20. Qc1 Ra5 21. f3
Bxb5 22. axb5 d4 23. fxe4 dxe3 24. Qc4 Nc6 25. bxc6 Rxc5 26. Qb4 Be5 27. g3
Bxg3 28. hxg3 Qg5 29. Kg2 Rb5 30. Qxf8+ Kxf8 31. c7 1-0

[Event "Torneo de Benidorm sub 2300 2019"]
[Site "Benidorm ESP"]
[Date "2019.12.01"]
[Round "3.12"]
[White "Zohaib Hassan, Mohamed"]
[Black "Israel, Gregory"]
[Result "1-0"]
[WhiteElo "2282"]
[BlackElo "2064"]
[PlyCount "74"]
[EventDate "2019.11.29"]
[EventType "swiss"]
[EventRounds "10"]
[EventCountry "ESP"]
[SourceTitle "Ajedrez en Madrid"]
[Source "lmi"]
[SourceDate "2019.11.30"]
[SourceVersion "1"]
[SourceVersionDate "2019.12.08"]
[SourceQuality "1"]

1. d4 b6 2. e4 Bb7 3. Bd3 e6 4. Nf3 Be7 5. O-O d6 6. Nbd2 g5 7. Qe2 g4 8. Ne1
h5 9. f3 Nh6 10. Nc4 Bg5 11. f4 Be7 12. f5 Bg5 13. fxe6 fxe6 14. e5 d5 15. Bg6+
Kd7 16. Ne3 Ba6 17. Bd3 Bxd3 18. Nxd3 Nc6 19. c3 Qg8 20. Nc2 Nf5 21. Ndb4 Nce7
22. Qb5+ c6 23. Qa6 Kc7 24. c4 Bxc1 25. Raxc1 Qc8 26. cxd5 Qxa6 27. d6+ Kb7 28.
Nxa6 Kxa6 29. dxe7 Rac8 30. Rxf5 exf5 31. Ne3 f4 32. Nf5 Kb7 33. d5 c5 34. d6
Kc6 35. e6 Kd5 36. Re1 b5 37. d7 Ra8 1-0

[Event "Torneo de Benidorm sub 2300 2019"]
[Site "Benidorm ESP"]
[Date "2019.12.01"]
[Round "3.13"]
[White "Fernandez Alonso, Miguel Angel"]
[Black "Galiana Fernandez, Adrian"]
[Result "1/2-1/2"]
[WhiteElo "2060"]
[BlackElo "2259"]
[PlyCount "56"]
[EventDate "2019.11.29"]
[EventType "swiss"]
[EventRounds "10"]
[EventCountry "ESP"]
[SourceTitle "Ajedrez en Madrid"]
[Source "lmi"]
[SourceDate "2019.11.30"]
[SourceVersion "1"]
[SourceVersionDate "2019.12.08"]
[SourceQuality "1"]

1. d4 Nf6 2. c4 g6 3. Nc3 d5 4. Bg5 Bg7 5. e3 c5 6. Nf3 cxd4 7. Bxf6 Bxf6 8.
Nxd5 Bg7 9. Nxd4 Nc6 10. Nxc6 bxc6 11. Nc3 Qa5 12. Qc2 Bf5 13. Bd3 Bxd3 14.
Qxd3 Rb8 15. O-O Rxb2 16. Rac1 O-O 17. Rfd1 Rfb8 18. g3 h5 19. h4 Qa3 20. Ne4
Rxa2 21. Qd7 Qb2 22. Rf1 Qe2 23. Qxe7 Qf3 24. Rcd1 Rf8 25. Rd7 a5 26. Rd8 a4
27. Rxf8+ Bxf8 28. Nf6+ Kg7 1/2-1/2

[Event "Torneo de Benidorm sub 2300 2019"]
[Site "Benidorm ESP"]
[Date "2019.12.01"]
[Round "3.14"]
[White "Peña Duarte, Fabian Dario"]
[Black "Plass, Mariana-Camelia"]
[Result "1-0"]
[WhiteElo "2237"]
[BlackElo "2044"]
[PlyCount "45"]
[EventDate "2019.11.29"]
[EventType "swiss"]
[EventRounds "10"]
[EventCountry "ESP"]
[SourceTitle "Ajedrez en Madrid"]
[Source "lmi"]
[SourceDate "2019.11.30"]
[SourceVersion "1"]
[SourceVersionDate "2019.12.08"]
[SourceQuality "1"]

1. d4 Nf6 2. Nf3 b6 3. g3 Bb7 4. Bg2 e6 5. O-O c5 6. dxc5 Bxc5 7. c4 d5 8. cxd5
Qxd5 9. Nc3 Qxd1 10. Rxd1 Nbd7 11. a3 a5 12. Bf4 Nd5 13. Ne5 N7f6 14. Na4 Rc8
15. b4 axb4 16. axb4 Bxb4 17. Nxb6 O-O 18. Nxc8 Bxc8 19. Nc6 Nxf4 20. gxf4 Bc5
21. Rac1 Ba3 22. Rc3 Bb2 23. Ne7+ 1-0

[Event "Torneo de Benidorm sub 2300 2019"]
[Site "Benidorm ESP"]
[Date "2019.12.01"]
[Round "3.15"]
[White "Lung, Liviu-Catalin"]
[Black "Ayza Leon, David"]
[Result "0-1"]
[WhiteElo "2015"]
[BlackElo "2231"]
[PlyCount "82"]
[EventDate "2019.11.29"]
[EventType "swiss"]
[EventRounds "10"]
[EventCountry "ESP"]
[SourceTitle "Ajedrez en Madrid"]
[Source "lmi"]
[SourceDate "2019.11.30"]
[SourceVersion "1"]
[SourceVersionDate "2019.12.08"]
[SourceQuality "1"]

1. e4 g6 2. d4 Bg7 3. Nc3 d6 4. Be3 a6 5. Qd2 b5 6. a4 b4 7. Nd5 a5 8. f3 Bb7
9. Bc4 e6 10. Nf4 d5 11. exd5 exd5 12. Bd3 Nd7 13. Nge2 Ne7 14. O-O O-O 15. c3
bxc3 16. bxc3 Nb6 17. Bf2 Ba6 18. Bh4 Re8 19. Nc1 Bh6 20. Re1 Nc4 21. Bxc4 Bxc4
22. Bg3 Nf5 23. Ncd3 Qg5 24. Rxe8+ Rxe8 25. Re1 Rb8 26. Qf2 Nxg3 27. hxg3 Bxd3
28. Nxd3 Qd2 29. Qxd2 Bxd2 30. Re7 Bxc3 31. Rxc7 Bxd4+ 32. Kh2 Rb1 33. Rd7 Rd1
34. Nf4 Bg1+ 35. Kh3 Be3 36. Rxd5 Rh1+ 37. Kg4 Kg7 38. Rd7 Kf8 39. Rd3 Bc1 40.
Rd7 h6 41. Nh3 f5+ 0-1

[Event "Torneo de Benidorm sub 2300 2019"]
[Site "Benidorm ESP"]
[Date "2019.12.01"]
[Round "3.16"]
[White "Barbera Estelles, Rosendo"]
[Black "Ibarretxe Campo, Lander"]
[Result "1-0"]
[WhiteElo "2212"]
[BlackElo "2009"]
[PlyCount "65"]
[EventDate "2019.11.29"]
[EventType "swiss"]
[EventRounds "10"]
[EventCountry "ESP"]
[SourceTitle "Ajedrez en Madrid"]
[Source "lmi"]
[SourceDate "2019.11.30"]
[SourceVersion "1"]
[SourceVersionDate "2019.12.08"]
[SourceQuality "1"]

1. e4 e6 2. d3 d5 3. Nd2 Nf6 4. Ngf3 dxe4 5. dxe4 Bc5 6. Bd3 Nc6 7. O-O e5 8.
Nc4 Qe7 9. c3 Bg4 10. b4 Bd6 11. Ne3 O-O 12. Nxg4 Nxg4 13. h3 Nf6 14. Nh4 Rfd8
15. Nf5 Qe6 16. Qe2 h6 17. Bc4 Qe8 18. Qf3 Bf8 19. Nxh6+ gxh6 20. Qxf6 Rd6 21.
Qf3 Rad8 22. Be3 a6 23. Rad1 Bg7 24. Rxd6 cxd6 25. Qh5 Qf8 26. Rd1 Rd7 27. Bxh6
Nb8 28. Bxg7 Qxg7 29. Rd3 Kf8 30. Rg3 Qf6 31. Qh7 Nc6 32. Qg8+ Ke7 33. Rf3 1-0

[Event "Torneo de Benidorm sub 2300 2019"]
[Site "Benidorm ESP"]
[Date "2019.12.01"]
[Round "3.17"]
[White "Doroshenko, Diana"]
[Black "Martinez Lopez, Jaume"]
[Result "1-0"]
[WhiteElo "2159"]
[BlackElo "1985"]
[PlyCount "87"]
[EventDate "2019.11.29"]
[EventType "swiss"]
[EventRounds "10"]
[EventCountry "ESP"]
[SourceTitle "Ajedrez en Madrid"]
[Source "lmi"]
[SourceDate "2019.11.30"]
[SourceVersion "1"]
[SourceVersionDate "2019.12.08"]
[SourceQuality "1"]

1. d4 d6 2. e4 g6 3. Nc3 Bg7 4. f4 a6 5. Nf3 b5 6. Bd3 Nd7 7. e5 Bb7 8. Qe2 Nh6
9. O-O O-O 10. a4 b4 11. Ne4 c5 12. c3 Qc7 13. Neg5 e6 14. Ne4 Bxe4 15. Bxe4 d5
16. Bc2 c4 17. cxb4 Rfb8 18. Bd2 Bf8 19. h3 Bxb4 20. Bc1 Nf5 21. Qf2 a5 22. g4
Ng7 23. Qh4 Nf8 24. Qh6 Be7 25. h4 Rb6 26. Rf2 f5 27. exf6 Bxf6 28. h5 Ne8 29.
hxg6 hxg6 30. Bxg6 Bg7 31. Qg5 Bf6 32. Bh7+ Kf7 33. Ne5+ Ke7 34. Qh5 Kd6 35.
Bc2 Ng7 36. Qh6 Qe7 37. b3 cxb3 38. Ba3+ Rb4 39. Bxb4+ axb4 40. Bxb3 Rc8 41.
Rc2 Rxc2 42. Bxc2 Bxe5 43. fxe5+ Kc6 44. Qf6 1-0

[Event "Torneo de Benidorm sub 2300 2019"]
[Site "Benidorm ESP"]
[Date "2019.12.01"]
[Round "3.18"]
[White "Sanchez Arevalo, Luis"]
[Black "Kandic, Milan"]
[Result "0-1"]
[WhiteElo "2010"]
[BlackElo "2142"]
[PlyCount "130"]
[EventDate "2019.11.29"]
[EventType "swiss"]
[EventRounds "10"]
[EventCountry "ESP"]
[SourceTitle "Ajedrez en Madrid"]
[Source "lmi"]
[SourceDate "2019.11.30"]
[SourceVersion "1"]
[SourceVersionDate "2019.12.08"]
[SourceQuality "1"]

1. Nf3 d6 2. c4 e5 3. d3 Nf6 4. g3 Be7 5. Bg2 O-O 6. O-O a5 7. Nc3 Nc6 8. Rb1
Bg4 9. h3 Bd7 10. a3 Qc8 11. Kh2 Ne8 12. b4 axb4 13. axb4 f5 14. b5 Nb8 15. Nd5
Bd8 16. Qb3 c6 17. bxc6 bxc6 18. Nb6 Bxb6 19. Qxb6 Nf6 20. Qb7 Qxb7 21. Rxb7
Ra2 22. Bb2 Na6 23. Ra1 Rxa1 24. Bxa1 Nc5 25. Ra7 h6 26. d4 exd4 27. Bxd4 Nce4
28. Nd2 Nxd2 29. Bxf6 Rf7 30. Bd4 Nxc4 31. e3 d5 32. Bf1 Nd2 33. Kg2 Nb3 34.
Rb7 Nxd4 35. exd4 Kf8 36. Bd3 Ke7 37. h4 Kd6 38. Kf1 f4 39. Ke1 fxg3 40. fxg3
Rf3 41. Kd2 Rxg3 42. h5 Rg5 43. Bg6 Bg4 44. Be8 Bxh5 45. Bxh5 Rxh5 46. Rxg7 Rh3
47. Rg6+ Kc7 48. Kc2 Kb6 49. Kd2 Kb5 50. Rf6 Kc4 51. Rxc6+ Kxd4 52. Ke2 Rh2+
53. Kf3 Kd3 54. Ra6 d4 55. Ra3+ Kc4 56. Ra4+ Kc3 57. Ra3+ Kb4 58. Ra8 d3 59.
Ke3 d2 60. Rd8 Kc3 61. Rc8+ Kb2 62. Rb8+ Kc1 63. Rc8+ Kd1 64. Rd8 Ke1 65. Rg8
Rh3+ 0-1

[Event "Torneo de Benidorm sub 2300 2019"]
[Site "Benidorm ESP"]
[Date "2019.12.01"]
[Round "3.19"]
[White "Perez Aleman, Pedro Tomas"]
[Black "Gonzalez Aguirre, Luis"]
[Result "1/2-1/2"]
[WhiteElo "1998"]
[BlackElo "2107"]
[PlyCount "145"]
[EventDate "2019.11.29"]
[EventType "swiss"]
[EventRounds "10"]
[EventCountry "ESP"]
[SourceTitle "Ajedrez en Madrid"]
[Source "lmi"]
[SourceDate "2019.11.30"]
[SourceVersion "1"]
[SourceVersionDate "2019.12.08"]
[SourceQuality "1"]

1. e4 d5 2. exd5 Qxd5 3. Nc3 Qd6 4. d4 c6 5. Bc4 Nf6 6. Nge2 Bf5 7. O-O e6 8.
Ng3 Bg6 9. Nce2 Nbd7 10. Nf4 Nb6 11. Bb3 Nbd5 12. Nd3 Bxd3 13. Qxd3 Be7 14. Qf3
O-O 15. c4 Nc7 16. Bf4 Qd7 17. Rad1 b5 18. c5 a5 19. Bc2 Ncd5 20. Be5 a4 21.
Bb1 Rfd8 22. Rd3 Qe8 23. Nh5 Nxh5 24. Qxh5 f6 25. Qxe8+ Rxe8 26. Bg3 Ra7 27.
Re1 Bd8 28. a3 Bc7 29. Ba2 Bxg3 30. Rxg3 Rd7 31. Rf3 Kf7 32. h4 Red8 33. g4 Nc7
34. Rfe3 Rxd4 35. Bxe6+ Nxe6 36. Rxe6 Rxg4+ 37. Kh2 Rd2 38. Kh3 Rf4 39. Re7+
Kg6 40. h5+ Kh6 41. Rg1 Rd3+ 42. Rg3 Rxg3+ 43. fxg3 Rf5 44. g4 Rxc5 45. Kh4 g6
46. Rf7 gxh5 47. Rxf6+ Kg7 48. g5 Rc2 49. Kxh5 c5 50. Rc6 c4 51. Rc7+ Kg8 52.
Rc8+ Kf7 53. Rc7+ Ke6 54. Rxh7 Rxb2 55. Rc7 Kd6 56. Rc8 Rb3 57. Rb8 Kc5 58. Rf8
Rxa3 59. g6 Rh3+ 60. Kg4 Rh6 61. Kf5 Rxg6 62. Kxg6 c3 63. Kf5 Kc4 64. Ke4 b4
65. Rc8+ Kb3 66. Kd3 a3 67. Rh8 a2 68. Rh1 Kb2 69. Rh2+ Ka3 70. Rh1 b3 71. Kxc3
b2 72. Rh7 b1=N+ 73. Kc2 1/2-1/2

[Event "Torneo de Benidorm sub 2300 2019"]
[Site "Benidorm ESP"]
[Date "2019.12.01"]
[Round "3.20"]
[White "Moreno Torralba, David"]
[Black "Verbruggen, Samuel"]
[Result "1-0"]
[WhiteElo "2100"]
[BlackElo "1941"]
[PlyCount "68"]
[EventDate "2019.11.29"]
[EventType "swiss"]
[EventRounds "10"]
[EventCountry "ESP"]
[SourceTitle "Ajedrez en Madrid"]
[Source "lmi"]
[SourceDate "2019.11.30"]
[SourceVersion "1"]
[SourceVersionDate "2019.12.08"]
[SourceQuality "1"]

1. d4 Nf6 2. c4 e6 3. a3 d5 4. Nf3 Be7 5. Nc3 O-O 6. e3 b6 7. cxd5 exd5 8. Ne5
c5 9. Be2 Bb7 10. O-O Nc6 11. Nxc6 Bxc6 12. b3 Qd7 13. Bb2 Rac8 14. Rc1 Rfd8
15. dxc5 bxc5 16. Na4 d4 17. exd4 cxd4 18. Re1 Qb7 19. Bf3 Bxf3 20. Qxf3 Rxc1
21. Bxc1 Qxf3 22. gxf3 Nd5 23. b4 Kf8 24. Bd2 Bf6 25. Nc5 Nc3 26. Kf1 Nb5 27.
a4 Nd6 28. Ne4 Nc4 29. b5 Nxd2+ 30. Nxd2 Bg5 31. Ne4 Bf4 32. h3 f5 33. Nc5 Kf7
34. Ne6 Re8 1-0